<?xml version="1.0" encoding="UTF-8"?><?xml-stylesheet type="text/xsl" href="static/style.xsl"?><OAI-PMH xmlns="http://www.openarchives.org/OAI/2.0/" xmlns:xsi="http://www.w3.org/2001/XMLSchema-instance" xsi:schemaLocation="http://www.openarchives.org/OAI/2.0/ http://www.openarchives.org/OAI/2.0/OAI-PMH.xsd"><responseDate>2026-04-27T21:43:47Z</responseDate><request verb="GetRecord" identifier="oai:uvadoc.uva.es:10324/37687" metadataPrefix="marc">https://uvadoc.uva.es/oai/request</request><GetRecord><record><header><identifier>oai:uvadoc.uva.es:10324/37687</identifier><datestamp>2024-12-04T11:30:52Z</datestamp><setSpec>com_10324_38</setSpec><setSpec>col_10324_852</setSpec></header><metadata><record xmlns="http://www.loc.gov/MARC21/slim" xmlns:doc="http://www.lyncode.com/xoai" xmlns:xsi="http://www.w3.org/2001/XMLSchema-instance" xmlns:dcterms="http://purl.org/dc/terms/" xsi:schemaLocation="http://www.loc.gov/MARC21/slim http://www.loc.gov/standards/marcxml/schema/MARC21slim.xsd">
<leader>00925njm 22002777a 4500</leader>
<datafield tag="042" ind1=" " ind2=" ">
<subfield code="a">dc</subfield>
</datafield>
<datafield tag="720" ind1=" " ind2=" ">
<subfield code="a">Peña Fernández, Sara</subfield>
<subfield code="e">author</subfield>
</datafield>
<datafield tag="260" ind1=" " ind2=" ">
<subfield code="c">2019</subfield>
</datafield>
<datafield tag="520" ind1=" " ind2=" ">
<subfield code="a">La casa Utzon en Bayview fue un proyecto de&#xd;
vivienda para Jorn Utzon y su familia durante&#xd;
su estancia en Australia entre 1963 y 1965 que&#xd;
nunca llegó a construirse. Desarrollada en seis&#xd;
versiones, este arquitectura es un punto de&#xd;
inflexión de una de su obras más representativas,&#xd;
y muestra el porqué de muchas decisiones que&#xd;
tomó a lo largo de su vida.&#xd;
Las herramientas de modelado BIM han&#xd;
pemitido desarrollar digitalmente cada una de&#xd;
las versiones para su estudio y análisis, además&#xd;
de crear una imagen en tres dimensiones que&#xd;
permite tener una idea más cercana de la&#xd;
propuesta de Utzon.</subfield>
</datafield>
<datafield tag="024" ind2=" " ind1="8">
<subfield code="a">http://uvadoc.uva.es/handle/10324/37687</subfield>
</datafield>
<datafield ind1=" " ind2=" " tag="653">
<subfield code="a">Jørn Utzon (1962-1965) Casa Utzon Bayview</subfield>
</datafield>
<datafield tag="245" ind1="0" ind2="0">
<subfield code="a">Casa Utzon Bayview. Jørn Utzon 1962-1965. Análisis de una vivienda contemporánea mediante Revit</subfield>
</datafield>
</record></metadata></record></GetRecord></OAI-PMH>